00796nam a2200241 i 4500001001000000003000900010005001700019007000300036008004100039020001800080040003000098041000800128082001900136100005500155245006800210250002300278264008200301300004500383336002700428337003300455338002800488504003800516000003539DO-SdBNP20260305114748.0ta290126s2024 dr r 001 0 spa d a9789945187212 aDO-SdBNPbspacBNPHUerda aspa 4axxxbD362d222 aDe los Santos Valdez, Juan Francisco,eautor4aut.00aDiccionario de parónimoscJuan Francisco De los Santos Valdez aPrimera edición  aSanto Domingo, República Dominicana :bOkyanus Media Group, S.R.L., c2024. a725 páginas :bilustraciones ;c25 cm. 2rdacontentatextobtxt 2rdamediaasin mediaciónbn 2rdacarrieravolumenbnc aBibliografía: páginas 711-725